00960cam a2200241 a 450000100100000000500170001000800410002702000150006804000250008308200210010810000330012924500800016226000760024230000280031849000390034650400300038565000630041565000480047883000460052691000070057295201240057999900150070300000490820200929151530.0980406s1997 mx a b f010 0 spa d a9701803760 aDO-SdBNPbspacBNPHU aM864.9921bS358e1 aSchneider, Luis Mario91419313aEl estridentismo o una literatura de la estrategia /cLuis Mario Schneider. aMéxico, D. F. :bConsejo Nacional para la Cultura y las Artes,c1997. a583 p. :bil. ;c21 cm.1 aLecturas mexicanas ;vCuarta Serie aBibliografía: p.561-583 4aLiteratura mexicanaySIGLO XXxHistoria y crítica914194 4aEstridentismo (movimiento literario)914195 0aLecturas mexicanas ;nCuarta Serie914196 aWM 001052708MOaGRbGRcHDd2009-07-27iLF1l0oM864.9921 S358ep4908-10r2020-06-25w2020-06-25y2ZPréstamo interno c4714d4714